| 000 | 00922cam a2200145ua 4500 | ||
|---|---|---|---|
| 041 |
_aeng _h |
||
| 082 |
_a624.131 _bBUR/ME |
||
| 110 | 1 |
_aBureau of Indian standards . _bBIS` _c() |
|
| 245 |
_aMethods of test for soils part-13 direct shear test, IS:2720-1986 / _cBureau of Indian standards. _hTextual Documents |
||
| 260 |
_a : _bBureau of Indian standards , _c1987. |
||
| 300 | _a12 ; . | ||
| 504 | _a | ||
| 942 | _cBK | ||
| 999 |
_c9922 _d9922 |
||